Act according to the code (Record no. 76725)
[ view plain ]
| 000 -LEADER | |
|---|---|
| fixed length control field | 01009cab a2200205 4500 |
| 001 - CONTROL NUMBER | |
| control field | ##L132967 |
| 008 - FIXED-LENGTH DATA ELEMENTS--GENERAL INFORMATION | |
| fixed length control field | 060328n2006 000 0 eng u |
| 035 ## - SYSTEM CONTROL NUMBER | |
| System control number | (Sirsi) u132967 |
| 041 0# - LANGUAGE CODE | |
| Language code of text/sound track or separate title | eng |
| 100 1# - MAIN ENTRY--PERSONAL NAME | |
| Personal name | Hardy, Alison |
| 245 00 - TITLE STATEMENT | |
| Title | Act according to the code |
| 260 ## - PUBLICATION, DISTRIBUTION, ETC. | |
| Date of publication, distribution, etc. | 2006 |
| 490 #0 - SERIES STATEMENT | |
| Series statement | Estates Gazette |
| Volume/sequential designation | (0612) 25 March 2006, 218-219(2) |
| 520 ## - SUMMARY, ETC. | |
| Summary, etc. | Outlines the steps required to be taken by a landowner who wishes to force a telecommunications operator to remove a mast from his property. The landowner must comply with the Telecoms Code set out in the Telecommunications Act 1984, as well as the relevant provisions of the Landlord and Tenant Act 1954, if a lease was created at the outset. As this is potentially a lengthy process, it is better if possible to reach a negotiated settlement. |
| 590 ## - LOCAL NOTE (RLIN) | |
| Local note | IKA280306 |
| 650 24 - SUBJECT ADDED ENTRY--TOPICAL TERM | |
| Topical term or geographic name entry element | LANDLORD AND TENANT ACT 1954 |
| 650 24 - SUBJECT ADDED ENTRY--TOPICAL TERM | |
| Topical term or geographic name entry element | TELECOMMUNICATIONS ACT 1984 |
| 690 ## - LOCAL SUBJECT ADDED ENTRY--TOPICAL TERM (OCLC, RLIN) | |
| Topical term or geographic name as entry element | PROPERTY-INFRASTRUCTURE-TELECOMMUNICATIONS INFRASTRUCTURE |
| 942 ## - ADDED ENTRY ELEMENTS (KOHA) | |
| Suppress in OPAC | 0 |
| Withdrawn status | Lost status | Source of classification or shelving scheme | Damaged status | Not for loan | Home library | Current library | Shelving location | Date acquired | Total Checkouts | Full call number | Barcode | Date last seen | Copy number | Price effective from | Koha item type |
|---|---|---|---|---|---|---|---|---|---|---|---|---|---|---|---|
| Dewey Decimal Classification | London | London | Journal article | 28/03/2006 | L132967 | 132967-1001 | 06/08/2019 | 1 | 06/08/2019 | Journal article |